Statistics for Songs With American Place Names - 1950's

Click here to take the quiz!

General Stats

  • This quiz has been taken 35 times
  • The average score is 5 of 10

Answer Stats

Song/YearAnswer% Correct
Blue Moon of Kentucky (1954 Sun Records)Elvis Presley
90%
El Paso (1959)Marty Robbins
71%
Memphis, Tennessee (1959)Chuck Berry
68%
Cumberland Gap (1957)Lonnie Donegan or The Vipers
42%
Tennessee Waltz (1950 US no.1)Patti Page
42%
Chicago (1957)Frank Sinatra
39%
Battle Of New Orleans (1959 US no.1)Johnny Horton
39%
Kansas City (1959 - US no.1)Wilbert Harrison
39%
Way Down Yonder In New Orleans (1959)Freddy Cannon
29%
Manhattan (1956 Verve Records)Ella Fitzgerald
3%

Score Distribution

Percentile by Number Answered

Percent of People with Each Score

Your Score History

You have not taken this quiz